<?xml version="1.0" encoding="UTF-8"?>
<collection xmlns="http://www.loc.gov/MARC21/slim">
    <record>
        <controlfield tag="001">48707</controlfield>
        <controlfield tag="005">20210121114518.0</controlfield>
        <datafield tag="024" ind1="7" ind2=" ">
            <subfield code="2">doi</subfield>
            <subfield code="a">10.1109/CIC.2015.7411038</subfield>
        </datafield>
        <datafield tag="024" ind1="8" ind2=" ">
            <subfield code="2">sideral</subfield>
            <subfield code="a">94574</subfield>
        </datafield>
        <datafield tag="037" ind1=" " ind2=" ">
            <subfield code="a">ART-2015-94574</subfield>
        </datafield>
        <datafield tag="041" ind1=" " ind2=" ">
            <subfield code="a">eng</subfield>
        </datafield>
        <datafield tag="100" ind1=" " ind2=" ">
            <subfield code="0">(orcid)0000-0002-0166-2837</subfield>
            <subfield code="a">Alcaine, A.</subfield>
            <subfield code="u">Universidad de Zaragoza</subfield>
        </datafield>
        <datafield tag="245" ind1=" " ind2=" ">
            <subfield code="a">Estimation of high-density activation maps during atrial fibrillation</subfield>
        </datafield>
        <datafield tag="260" ind1=" " ind2=" ">
            <subfield code="c">2015</subfield>
        </datafield>
        <datafield tag="506" ind1="0" ind2=" ">
            <subfield code="a">Access copy available to the general public</subfield>
            <subfield code="f">Unrestricted</subfield>
        </datafield>
        <datafield tag="520" ind1="3" ind2=" ">
            <subfield code="a">The study of activation maps using multi-electrode arrays (MEA) can help to understand atrial fibrillation (AF) mechanisms. Activation mapping based on recorded unipolar electrograms (u-EGM) rely on the local activation time (LAT) detector, which has a limited robustness, accuracy, and generally requires manual post-edition. In general, LAT detection ignores spatiotemporal information about activation and conduction conveyed by the relation between signals of the MEA sensor. This work proposes an approach to construct activation maps by simultaneous analysis of u-EGMs from small clusters of MEA electrodes. The algorithm iteratively fits an activation pattern model to the acquired data. Accuracy was evaluated by comparing with audited maps created by expert electrophysiologists from a patient undergoing open-chest surgery during AF. The estimation error was -0.29 ± 6.01 ms (236 maps, 28369 LATs) with high correlation (¿ = 0.93). Therefore, activation maps can be decomposed into local activation patterns derived from fitting an activation model, resulting in smooth and comprehensive high-density activation maps.</subfield>
        </datafield>
        <datafield tag="536" ind1=" " ind2=" ">
            <subfield code="9">info:eu-repo/grantAgreement/ES/MINECO/BES-2011-046644</subfield>
            <subfield code="9">info:eu-repo/grantAgreement/ES/MINECO/EEBB-I-13-06613</subfield>
            <subfield code="9">info:eu-repo/grantAgreement/ES/MINECO/TEC2013-42140-R</subfield>
        </datafield>
        <datafield tag="540" ind1=" " ind2=" ">
            <subfield code="9">info:eu-repo/semantics/openAccess</subfield>
            <subfield code="a">by</subfield>
            <subfield code="u">http://creativecommons.org/licenses/by/3.0/es/</subfield>
        </datafield>
        <datafield tag="592" ind1=" " ind2=" ">
            <subfield code="a">0.294</subfield>
            <subfield code="b">2015</subfield>
        </datafield>
        <datafield tag="593" ind1=" " ind2=" ">
            <subfield code="a">Computer Science (miscellaneous)</subfield>
            <subfield code="c">2015</subfield>
        </datafield>
        <datafield tag="593" ind1=" " ind2=" ">
            <subfield code="a">Cardiology and Cardiovascular Medicine</subfield>
            <subfield code="c">2015</subfield>
        </datafield>
        <datafield tag="655" ind1=" " ind2="4">
            <subfield code="a">info:eu-repo/semantics/article</subfield>
            <subfield code="v">info:eu-repo/semantics/publishedVersion</subfield>
        </datafield>
        <datafield tag="700" ind1=" " ind2=" ">
            <subfield code="a">De Groot, N.M.S.</subfield>
        </datafield>
        <datafield tag="700" ind1=" " ind2=" ">
            <subfield code="0">(orcid)0000-0003-3434-9254</subfield>
            <subfield code="a">Laguna, P.</subfield>
            <subfield code="u">Universidad de Zaragoza</subfield>
        </datafield>
        <datafield tag="700" ind1=" " ind2=" ">
            <subfield code="0">(orcid)0000-0002-7503-3339</subfield>
            <subfield code="a">Martínez, J.P.</subfield>
            <subfield code="u">Universidad de Zaragoza</subfield>
        </datafield>
        <datafield tag="700" ind1=" " ind2=" ">
            <subfield code="a">Houben, R.P.M.</subfield>
        </datafield>
        <datafield tag="710" ind1="2" ind2=" ">
            <subfield code="1">5008</subfield>
            <subfield code="2">800</subfield>
            <subfield code="a">Universidad de Zaragoza</subfield>
            <subfield code="b">Dpto. Ingeniería Electrón.Com.</subfield>
            <subfield code="c">Área Teoría Señal y Comunicac.</subfield>
        </datafield>
        <datafield tag="773" ind1=" " ind2=" ">
            <subfield code="g">42 (2015), 825-828</subfield>
            <subfield code="p">Comput. cardiol.</subfield>
            <subfield code="t">Computing in Cardiology</subfield>
            <subfield code="x">2325-8861</subfield>
        </datafield>
        <datafield tag="856" ind1="4" ind2=" ">
            <subfield code="s">1597094</subfield>
            <subfield code="u">http://zaguan.unizar.es/record/48707/files/texto_completo.pdf</subfield>
            <subfield code="y">Versión publicada</subfield>
        </datafield>
        <datafield tag="856" ind1="4" ind2=" ">
            <subfield code="s">108392</subfield>
            <subfield code="u">http://zaguan.unizar.es/record/48707/files/texto_completo.jpg?subformat=icon</subfield>
            <subfield code="x">icon</subfield>
            <subfield code="y">Versión publicada</subfield>
        </datafield>
        <datafield tag="909" ind1="C" ind2="O">
            <subfield code="o">oai:zaguan.unizar.es:48707</subfield>
            <subfield code="p">articulos</subfield>
            <subfield code="p">driver</subfield>
        </datafield>
        <datafield tag="951" ind1=" " ind2=" ">
            <subfield code="a">2021-01-21-11:01:02</subfield>
        </datafield>
        <datafield tag="980" ind1=" " ind2=" ">
            <subfield code="a">ARTICLE</subfield>
        </datafield>
    </record>

    
</collection>